Groupwork practice in social work

Guardat en:
Dades bibliogràfiques
Autor principal: LINDSAY, Trevor
Format: Llibre
Idioma:anglès
Publicat: Learning Matters 2014.
Etiquetes: Afegir etiqueta
Sense etiquetes, Sigues el primer a etiquetar aquest registre!

MARC

LEADER 00000nam a22000007a 4500
008 210412b ||||| |||| 00| 0 eng d
020 |a 978-1-4462-8741-5 
100 |a LINDSAY, Trevor. 
245 |a Groupwork practice in social work  |c Trevor Lindsay & Sue Orton.   |e Transforming social work practice  |g xii, 156p; ill. 
250 |b 3rd ed.  
260 |b  Learning Matters  |c 2014.   |h London  |i 692579   |i 692580  |l HV45 .L64  |m Social group work.  |m Social service – Practice.  |m Social service Teamwork.  
500 |a “It includes references and index” 
942 |a lcc  |c BK  |e YUNUSA, A.A.  |f 12/4/21 
952 |0 0  |1 0  |2 lcc  |4 0  |6 HV0045 L64  |7 0  |9 2102  |a HOL  |b SSL  |c GJ  |d 2021-04-12  |l 0  |o HV45 .L64  |p 2021-5958  |r 2021-04-12 00:00:00  |w 2021-04-12  |y BK 
952 |0 0  |1 0  |2 lcc  |4 0  |6 HV0045 L64  |7 0  |9 2103  |a HOL  |b HOL  |c GJ  |d 2021-04-12  |l 0  |o HV45 .L64  |p 2021-5959  |r 2021-04-12 00:00:00  |w 2021-04-12  |y BK 
999 |c 1091  |d 1091